Statistics for Ethnic Groups in the 2010 Russian Census

Click here to take the quiz!

General Stats

  • This quiz has been taken 71 times
  • The average score is 66 of 141

Answer Stats

PopulationEthnic Group% Correct
394,138Germans
98%
647,732Kazakhs
98%
111,016,896Russians
98%
105,058Turks
98%
28,943Chinese
96%
204,958Romani
96%
1,927,988Ukrainians
95%
521,443Belarusians
93%
17,875Estonians
93%
103,422Kyrgyz
93%
18,979Latvians
93%
1,572Americans
91%
603,070Azerbaijanis
91%
20,267Finns
91%
1,475French
91%
2,986Mongols
91%
200,303Tajiks
91%
36,885Turkmens
91%
289,862Uzbeks
91%
157,803Georgians
89%
153,156Koreans
89%
47,125Poles
89%
1,182,388Armenians
88%
85,640Greeks
88%
5,310,649Tatars
88%
1,585Tats
88%
24,038Bulgarians
86%
888Japanese
86%
31,377Lithuanians
86%
1,431,360Chechens
84%
1,162Spaniards
84%
304Croats
82%
1,370Italians
82%
156,801Jews
81%
3,510Serbs
81%
1,898Czechs
79%
3,696Persians
79%
4,058Indians
77%
3,201Romanians
75%
324Slovaks
75%
950Britons
74%
2,781Hungarians
74%
9,583Arabs
72%
156,400Moldovans
72%
256Bosniaks
70%
5,350Afghans
67%
528,515Ossetians
67%
23,232Kurds
65%
13,954Vietnamese
65%
1,008Slovenes
63%
1,435,872Chuvash
61%
60,815Karelians
61%
325Macedonians
61%
507Pakistanis
61%
1,584,554Bashkirs
60%
478,085Yakuts
60%
124,835Adyghe
56%
552,299Udmurts
54%
11,249Abkhazians
53%
183,372Kalmyks
53%
228,235Komi
51%
444,833Ingush
49%
263,934Tuvans
49%
912,090Avars
47%
547,605Mari
47%
3,696Uyghurs
47%
2,449Crimean Tatars
46%
44,640Nenets
46%
461,389Buryats
44%
516,826Kabardians
42%
74,238Altai
40%
1,771Sami
40%
112,924Balkars
39%
181Montenegrins
39%
103,660Nogais
39%
15,908Chukchi
37%
30,943Khanty
37%
12,269Mansi
37%
744,237Mordvins
37%
676Cubans
35%
503,060Kumyks
35%
22,383Evens
33%
218,403Karachays
33%
37,843Evenks
30%
72,959Khakas
30%
473,722Lezgins
28%
225Rusyns
28%
11,084Assyrians
26%
13,690Gagauz
26%
589,386Dargins
25%
227Enets
25%
5,936Veps
25%
1,466Karakalpaks
23%
862Nganasans
23%
3,649Selkups
23%
43,341Abazins
21%
178,630Laks
21%
35,240Rutuls
19%
64Votes
19%
1,603Yukaghirs
19%
1,738Yupik
19%
355Chulyms
18%
266Izhorians
18%
1,219Kets
18%
146,360Tabasarans
18%
2,529Talysh
18%
7,885Dolgans
16%
7,953Koryaks
16%
34,160Aghuls
14%
1,651Dungans
14%
4,652Nivkh
14%
596Orochs
14%
295Oroks
14%
12,888Shors
14%
3,193Itelmens
12%
1,927Kamchadals
12%
12,003Nanais
12%
12,769Tsakhurs
12%
4,267Udis
11%
1,002Chuvans
9%
90Krymchaks
9%
762Mountain Jews
9%
363Pamiris
9%
40,586Yazidis
9%
2,892Kumandins
7%
8,148Nagaybaks
7%
513Negidals
7%
2,643Teleuts
7%
2,765Ulch
7%
2,201Besermyan
5%
32Bukharan Jews
5%
78Georgian Jews
5%
2,047Hemshin
5%
274Taz
5%
762Tofalars
5%
1,496Udege
5%
4,825Meskhetian Turks
4%
64Kereks
2%
3,882Shapsugs
2%
3,608Soyots
2%
205Crimean Karaites
0%

Score Distribution

Percentile by Number Answered

Percent of People with Each Score

Your Score History

You have not taken this quiz